The new British Standard (Record no. 69361)
[ view plain ]
| 000 -LEADER | |
|---|---|
| fixed length control field | 01331cam a2200241 4500 |
| 001 - CONTROL NUMBER | |
| control field | ABS64983 |
| 008 - FIXED-LENGTH DATA ELEMENTS--GENERAL INFORMATION | |
| fixed length control field | 020125n2001 000 0 eng u |
| 035 ## - SYSTEM CONTROL NUMBER | |
| System control number | (Sirsi) u116438 |
| 100 ## - MAIN ENTRY--PERSONAL NAME | |
| Personal name | Cullingworth, R |
| 245 #4 - TITLE STATEMENT | |
| Title | The new British Standard |
| 260 ## - PUBLICATION, DISTRIBUTION, ETC. | |
| Date of publication, distribution, etc. | 2001 |
| 490 ## - SERIES STATEMENT | |
| Series statement | Access by Design |
| Volume/sequential designation | (89) Winter 2001, 22-23(2) |
| 520 ## - SUMMARY, ETC. | |
| Summary, etc. | Looks at the new British Standard BS 8300:2001, "Design of buildings and their approaches to meet the needs of disabled : code of practice", and considers the impact it is likely to have. BS 8300:2001 supersedes BS 5619:1978 and BS 5810:1979 and provides guidance on the design of buildings, including housing, and their environments to ensure ease of access and use for disabled people. Outlines the scope and application of BS 8300 in more detail and advises those involved in design or work in the access field to become familiar with its content to avoid conflict with clients and disabled people. |
| 590 ## - LOCAL NOTE (RLIN) | |
| Local note | ABS |
| 650 ## - SUBJECT ADDED ENTRY--TOPICAL TERM | |
| Topical term or geographic name entry element | DISABILITY DISCRIMINATION ACT 1995 |
| 650 ## - SUBJECT ADDED ENTRY--TOPICAL TERM | |
| Topical term or geographic name entry element | MANAGEMENT-BUSINESS MANAGEMENT-DISCRIMINATION-DISABILITY DISCRIMINATION-ACCESSIBILITY |
| 650 ## - SUBJECT ADDED ENTRY--TOPICAL TERM | |
| Topical term or geographic name entry element | BUILT ENVIRONMENT |
| 650 ## - SUBJECT ADDED ENTRY--TOPICAL TERM | |
| Topical term or geographic name entry element | BUILT ENVIRONMENT-CONSTRUCTION DESIGN |
| 650 ## - SUBJECT ADDED ENTRY--TOPICAL TERM | |
| Topical term or geographic name entry element | DESIGN GUIDANCE |
| 650 ## - SUBJECT ADDED ENTRY--TOPICAL TERM | |
| Topical term or geographic name entry element | BS 8300: 2001 |
| 690 ## - LOCAL SUBJECT ADDED ENTRY--TOPICAL TERM (OCLC, RLIN) | |
| Topical term or geographic name as entry element | BUILT ENVIRONMENT-CONSTRUCTION DESIGN |
| 942 ## - ADDED ENTRY ELEMENTS (KOHA) | |
| Suppress in OPAC | 0 |
| Withdrawn status | Lost status | Source of classification or shelving scheme | Damaged status | Not for loan | Home library | Current library | Shelving location | Date acquired | Total Checkouts | Full call number | Barcode | Date last seen | Copy number | Price effective from | Koha item type |
|---|---|---|---|---|---|---|---|---|---|---|---|---|---|---|---|
| Dewey Decimal Classification | London | London | Journal article | 25/01/2002 | ABS64983 | 116438-1001 | 06/08/2019 | 1 | 06/08/2019 | Journal article |